El diario de Ana Frank / (Registro nro. 15103)

Detalles MARC
000 -LIDER
fixed length control field 00892nam a22002657a 4500
003 - IDENTIFICACDOR DE NÚMERO DE CONTROL
control field DO-SdBPM
005 - DATE AND TIME OF LATEST TRANSACTION
control field 20250526125540.0
008 - ELEMENTOS DE LONGITUD FIJA
fixed length control field 171129b19uu sp || 00| 0 spa d
040 ## - FUENTE DE CATALOGACIÓN
Agencia que crea de manera original el registro DO-SdBPM
Idioma de catalogación spa
Agencia que realiza la transcripción BPMSU
Convenciones de la despripción rda
082 #4 - NÚMERO DE CLASIFICACIÓN DECIMAL DE DEWEY
Classification number 920.72
Item number F828d
Edition number 22
100 1# - ASIENTO PRINCIPAL -- NOMBRE PERSONAL
Nombre personal Frank, Ana,
Fechas asociadas con el nombre 1929-1945.
245 13 - MENCIÓN DE TITULO
Título El diario de Ana Frank /
Mención de responsabilidad Ana Frank ; adaptación Rebeca vélez ; ilustraciones María Ruiz
250 ## - MENCIÓN DE EDICION
Mención de edición 2a ed.
260 ## - PUBLICACIÓN, DISTRIBUCIÓN, ETC. (PIE DE IMPRENTA)
Lugar de publicación, distribución, etc Madrid :
Nombre del editor, distribuidor, etc. Susaeta Ediciones,
Fecha de publicación, distribución, etc [199-?]
300 ## - DESCRIPCIÓN FÍSICA
Extensión 68 p. ;
Otros detalles físicos ils. ;
Dimensiones 20 cm.
490 0# - MENCIÓN DE SERIES
Mención de serie Leer con Susaeta
590 ## - NOTA LOCAL
Texto de la nota local Inventariado, 2025/VM
600 14 - ENCABEZAMIENTO DE MATERIA--NOMBRE PERSONAL
Nombre personal Frank, Anne
Fechas asociadas con el nombre 1929-1945
Subdivisión temática general Autobiografías
650 #4 - ENCABEZAMIENTO DE MATERIA--TEMÁTICO
Término temático o nombre geográfico como elemento de entrada Diarios íntimos
650 #4 - ENCABEZAMIENTO DE MATERIA--TEMÁTICO
Término temático o nombre geográfico como elemento de entrada Persecuciones a los judíos
Subdivisión de forma Relatos personales
700 1# - ASIENTO SECUNDARIO -- NOMBRE PERSONAL
Nombre personal Vélez, Rebeca
Mención de responsabilidad adaptación
700 1# - ASIENTO SECUNDARIO -- NOMBRE PERSONAL
Nombre personal Ruiz, Marina
Mención de responsabilidad ilustración
910 ## - VALIDACIÓN
Validación VMateo V . Control de calidad. BPMSU
942 ## - ADDED ENTRY ELEMENTS (KOHA)
Source of classification or shelving scheme Dewey Decimal Classification
Koha item type Libros
Existencias
Withdrawn status Lost status Source of classification or shelving scheme Damaged status Not for loan Collection code Home library Current library Date acquired Total Checkouts Full call number Barcode Date last seen Price effective from Koha item type
    Dewey Decimal Classification     Colección Juvenil General Biblioteca Pública Metropolitana Salomé Ureña Biblioteca Pública Metropolitana Salomé Ureña 05/26/2025   BPMSU CJG 920.72 F828d BPMSU25050090 05/26/2025 05/26/2025 Libros